000 00634nam a2200241Ia 4500
003 OSt
005 20221007110237.0
006 a|||||r|||| 00| 0
007 ta
008 221006b |||||||| |||| 00| 0 eng d
024 _a20,696
037 _cTextual
040 _aLCO
_cLCO
_beng
041 _2eng
_aeng
082 _aZ2,215, L2
100 _aGulhati N.D
_9390089
245 0 _aDevelopment of Inter-State Rivers
260 _aBombay
_bAllied Publishers India
_c1972
300 _a319
650 _aINTER-STATE RIVERS
_9707284
942 _hZ2,215, L2
_cTEXL
999 _c1190259
_d1190259